000 00488ntaaa2200193 4500
003 01
005 20251027202115.0
008 0714s1973 ag 01
040 _aAR-BaBN
_bspa
_cAR-BaBN
_eaacr
_dRIC
082 _a252.4000 H29
100 _aHavner, Vance
245 _aRoad to revival
250 _a1 ed.
260 _aWestwood :
_bFleming H Revell Company,
_cc1940
300 _a114 p
500 _aSermones evangelísticos
650 _asermones evangelísticos
_919368
942 _cBK
999 _c15927
_d15927